Municipalities of Kochi - Click Map - Statistics

General Stats
  • This quiz has been taken 7 times
  • The average score is 18 of 34
Answers on the Map
Answers color-coded by a green-red scale on the quiz's map according to % correct below.
 
Answer Stats
Answer % Correct
Geisei 芸西村 げいせいむら
80%
Kami 香美市 かみし
80%
Kochi 高知市 こうちし
80%
Niyodogawa 仁淀川町 によどがわちょう
80%
Aki 安芸市 あきし
60%
Kitagawa 北川村 きたがわむら
60%
Motoyama 本山町 もとやまちょう
60%
Muroto 室戸市 むろとし
60%
Nahari 奈半利町 なはりちょう
60%
Nakatosa 中土佐町 なかとさちょう
60%
Otoyo 大豊町 おおとよちょう
60%
Sakawa 佐川町 さかわちょう
60%
Shimanto (town) 四万十町 しまんとちょう
60%
Susaki 須崎市 すさきし
60%
Tosashimizu 土佐清水市 とさしみずし
60%
Tosa (town) 土佐町 とさちょう
60%
Umaji 馬路村 うまじむら
60%
Yasuda 安田町 やすだちょう
60%
Hidaka 日高村 ひだかむら
40%
Ino いの町 いのちょう
40%
Konan 香南市 こうなんし
40%
Kuroshio 黒潮町 くろしおちょう
40%
Mihara 三原村 みはらむら
40%
Nankoku 南国市 なんこくし
40%
Ochi 越知町 おちちょう
40%
Okawa 大川村 おおかわむら
40%
Otsuki 大月町 おおつきちょう
40%
Shimanto (city) 四万十市 しまんとし
40%
Sukumo 宿毛市 すくもし
40%
Tano 田野町 たのちょう
40%
Tosa (city) 土佐市 とさし
40%
Toyo 東洋町 とうようちょう
40%
Tsuno 津野町 つのちょう
40%
Yusuhara 梼原町 ゆすはらちょう
40%
No matching quizzes found
Score Distribution
Percent of People with Each Score
Percentile by Number Answered
Your Score History
You have not taken this quiz